Direito privado emergencial das coisas, das faml̕ias e das sucesse̳s

Detalles Bibliográficos
Autor principal: Nogueira da Gama, Guilherme Calmon
Otros Autores: Vencelau Meireles, Rose Melo
Formato: eBook
Lenguaje:portugués
Publicado: Rio de Janeiro: Editora Processo, 2021
Materias:
Acceso en línea:Acceso restringido

MARC

LEADER 00000nam a22000007a 4500
005 20220720224246.0
007 cr|||| ||||
008 220720s2021 br |||||s|||| 00||0 por d
020 |a 978658935152-8 
035 |a 36773 
040 |a vLex 
090 |c 13639  |d 13639 
100 1 |a Nogueira da Gama, Guilherme Calmon 
245 1 0 |a Direito privado emergencial das coisas, das faml̕ias e das sucesse̳s  |h [Recurso electrn̤ico] /  |c Guilherme Calmon Nogueira da Gama, Rose Melo Vencelau Meireles 
256 |a Servicio en ln̕ea 
260 |a Rio de Janeiro:  |b Editora Processo,  |c 2021 
300 |a 1 recurso electrn̤ico 
500 |a O objetivo principal do livro ̌o de aprofundar o estudo ter̤ico e a anl̀ise das queste̳s prt̀icas decorrentes da pandemia em institutos relativos aos segmentos do Direito Civil conhecidos como Direito das Coisas, Direito de Faml̕ia e Direito das Sucesse̳s. Intentou-se tambm̌ proceder ̉anl̀ise crt̕ica das principais e mais recentes queste̳s polm̊icas que envolvem o regime jurd̕ico das relaė̳s jurd̕icas de Direito Privado, nô se restringindo apenas ̉perspectiva do RJET (Lei n. 14.010/20), at ̌em razô das consequn̊cias da pandemia e dos seus desdobramentos ainda se verificarem na realidade jurd̕ica brasileira. Todos os trabalhos foram elaborados em razô das atividades de pesquisa desenvolvidas no ḿbito do Mestrado do PPGD da UERJ, na linha de pesquisa em Direito Civil 
506 1 |a Disponible solo en los productos indicados  |d vLex Global  |d vLex Global (Academic Edition, excluding Law Schools)  |d vLex Global (U.S. Academic Edition, Law Schools)  |d vLex Global (U.S. Academic Edition, excluding Law Schools)  |d vLex Global (Academic Edition, Law Schools) 
650 0 4 |a Derecho Civil  |z Brasil 
700 1 |a Vencelau Meireles, Rose Melo 
740 0 |a vLex Libros (Servicio en ln̕ea) 
856 4 0 |u https://app.vlex.com/#/sources/36773  |z Acceso restringido 
942 |c BOOK 
999 0 |a Civil Law